000
00428nam a2200133Ia 4500
008
151001s9999||||xx |||||||||||||| ||und||
100
_a
पु वि खांडेकर
245
_a
ट्रांझिस्टर
250
_a
1
260
_b
महाराष्ट्र राज्य साहित्य संस्कुती मंडळ मुंबई
260
_c
1982
300
_a
60
365
_b
21
999
_c
961589
_d
961586